John Powell: Prečo mám strach povedať ti, kto som?

Bibliographic Details
Main Author: Kodoňová, Miloslava, 1932- (Author)
Format: Article
Language:Slovak
ISSN:1210-1982
Subjects:

MARC

LEADER 00000nab a2200000 ar4500
001 vtls009294705
003 SK-MaSNL
005 20260303233838.0
008 080516c2008 xo |r|p|||||||000 b|slo
015 |a SNBRB2008/05  |2 snkbucl 
038 |a SNKBUCL 
040 |a SNKBUCL  |b slo  |c SNKBUCL  |e AACR2 
041 0 |a slo 
044 |a xo  |c SK 
080 |a 13  |x (048)  |2 2001 
080 |a 159.923.5  |x (048)  |2 2001 
080 |a 165.242.1  |x (048)  |2 2001 
080 |a 316.772.4  |x (048)  |2 2001 
100 1 |a Kodoňová, Miloslava,  |d 1932-  |4 aut  |9 103863 
245 1 0 |a John Powell: Prečo mám strach povedať ti, kto som?  |c Miloslava Kodoňová 
650 0 7 |a duchovný život  |2 snkbucl  |9 1807 
650 0 7 |a interpersonálne vzťahy  |2 snkbucl  |9 3770 
650 0 7 |a sebapoznanie  |2 snkbucl  |9 4292 
650 0 7 |a sebavýchova  |2 snkbucl  |9 4290 
655 7 |a recenzie  |2 snkbucl  |9 21907 
655 7 |a populárno-náučné publikácie  |2 snkbucl  |9 70460 
773 0 |t Knižná revue  |g Roč. XVIII, č. 7 (2008), s. 8  |x 1210-1982 
787 0 8 |i Rec.:  |a Powell, John  |t Prečo mám strach povedať ti, kto som  |d Trnava : Dobrá kniha, 2007  |z 9788071415756 
852 |a SNK  |b KIS3GCP 
958 |a RC 
999 |c 2517413  |d 2519343